Беларусь (Запись № 7182138)

Подробности
000 -МАРКЕР
контрольное поле 01953nam0a22004211 4500
001 - ИДЕНТИФИКАТОР ЗАПИСИ
контрольное поле rc\3011632
005 - ИДЕНТИФИКАТОР ВЕРСИИ
контрольное поле 20260407071035.0
035 ## - ДРУГИЕ СИСТЕМНЫЕ НОМЕРА
Идентификатор записи (NLR Aleph) 007154135
100 ## - ДАННЫЕ ОБЩЕЙ ОБРАБОТКИ
Данные общей обработки 20110923d1945 u y0rusy50 ca
101 0# - ЯЗЫК РЕСУРСА
Язык текста, звукозаписи и т.д. русский
102 ## - СТРАНА ПУБЛИКАЦИИ ИЛИ ПРОИЗВОДСТВА
Страна публикации Российская Федерация
105 ## - ПОЛЕ КОДИРОВАННЫХ ДАННЫХ: ТЕКСТОВЫЕ МАТЕРИАЛЫ, МОНОГРАФИЧЕСКИЕ
Кодированные данные о монографическом текстовом документе y z |||||
200 1# - ЗАГЛАВИЕ И СВЕДЕНИЯ ОБ ОТВЕТСТВЕННОСТИ
Основное заглавие Беларусь
Сведения, относящиеся к заглавию Стихи
Первые сведения об ответственности Петрусь Бровка
210 ## - ПУБЛИКАЦИЯ, РАСПРОСТРАНЕНИЕ И ДР.
Место издания, распространения и т.д. Москва
Имя издателя, распространителя и т. д. Совет. писатель
Дата издания, распространения и т.д. 1945
Имя изготовителя тип. "Кр. печатник"
215 ## - ФИЗИЧЕСКАЯ ХАРАКТЕРИСТИКА
Специфическое обозначение материала и объем 56 с.
Размеры 16 см
327 1# - ПРИМЕЧАНИЯ О СОДЕРЖАНИИ
Текст примечания Содерж.: Кастусь Калиновский; Могила бойца; Минск; Надя Надейка; Землякам; Как только бой затих ...; Три брата; Чую, выша мати; Рана; Встреча; Беларусь; Ясный Кут
464 #0 - АНАЛИТИЧЕСКИЙ УРОВЕНЬ
Встроенное поле 2001#$aКастусь Калиновский
Заглавие Кастусь Калиновский
464 #0 - АНАЛИТИЧЕСКИЙ УРОВЕНЬ
Встроенное поле 2001#$aМогила бойца
Заглавие Могила бойца
464 #0 - АНАЛИТИЧЕСКИЙ УРОВЕНЬ
Встроенное поле 2001#$aМинск
Заглавие Минск
464 #0 - АНАЛИТИЧЕСКИЙ УРОВЕНЬ
Встроенное поле 2001#$aНадя Надейка
Заглавие Надя Надейка
464 #0 - АНАЛИТИЧЕСКИЙ УРОВЕНЬ
Встроенное поле 2001#$aЗемлякам
Заглавие Землякам
464 #0 - АНАЛИТИЧЕСКИЙ УРОВЕНЬ
Встроенное поле 2001#$aКак только бой затих ...
Заглавие Как только бой затих ...
464 #0 - АНАЛИТИЧЕСКИЙ УРОВЕНЬ
Встроенное поле 2001#$aТри брата
Заглавие Три брата
464 #0 - АНАЛИТИЧЕСКИЙ УРОВЕНЬ
Встроенное поле 2001#$aЧую, выша мати
Заглавие Чую, выша мати
464 #0 - АНАЛИТИЧЕСКИЙ УРОВЕНЬ
Встроенное поле 2001#$aРана
Заглавие Рана
464 #0 - АНАЛИТИЧЕСКИЙ УРОВЕНЬ
Встроенное поле 2001#$aВстреча
Заглавие Встреча
464 #0 - АНАЛИТИЧЕСКИЙ УРОВЕНЬ
Встроенное поле 2001#$aБеларусь
Заглавие Беларусь
464 #0 - АНАЛИТИЧЕСКИЙ УРОВЕНЬ
Встроенное поле 2001#$aЯсный Кут
Заглавие Ясный Кут
700 #1 - ИМЯ ЛИЦА - ПЕРВИЧНАЯ ОТВЕТСТВЕННОСТЬ
Графика поля Кириллица
Материалы, к которым относится поле rus
Начальный элемент ввода Бровка
Часть имени, кроме начального элемента ввода П.
Даты 1905-1980
Расширение инициалов личного имени Петрусь
Идентификатор авторитетной/нормативной записи RU\NLR\AUTH\770243169
Системный номер авторитетной/нормативной записи 243113
801 #0 - ИСТОЧНИК ЗАПИСИ
Страна Российская Федерация
Организация NLR
Правила каталогизации psbo
801 #1 - ИСТОЧНИК ЗАПИСИ
Страна Российская Федерация
Организация ELAR
Источник данных rusmarc
852 ## - МЕСТОНАХОЖДЕНИЕ И ШИФР ХРАНЕНИЯ
Идентификатор организации NLR
Наименование фонда или коллекции (Sub-Location Identifier) Л
Шифр хранения (Call Number) 40 Г-2/259
942 ## - ДОПОЛНИТЕЛЬНЫЕ ЭЛЕМЕНТЫ ЗАПИСИ (АБИС)
Тип экземпляра АБИС Книга
945 ## - Информацию об издании предоставили:
Полное название организации, предоставившей материал Российская национальная библиотека
980 ## - КОЛЛЕКЦИЯ
Название коллекции Национальная библиография
980 ## - КОЛЛЕКЦИЯ
Название коллекции Библиография Победы
Экземпляры
Тип экземпляра Дата поступления Библиотека постоянного хранения Библиотека текущего хранения Место хранения Шифр хранения Штрих-код Статус экземпляра
Книга 26.10.2013 РНБ (Садовая) РНБ (Садовая) Русский книжный фонд -Главное здание, Ленинский читальный зал Л 40 Г-2/259 7154135-10